| 000 | 00475nam a2200193Ia 4500 | ||
|---|---|---|---|
| 005 | 20240823015809.0 | ||
| 008 | 240823s9999||||xx |||||||||||||| ||und|| | ||
| 020 | _a0-07-058585-7 | ||
| 041 | _aENGLISH | ||
| 082 | _A658.15 P5 | ||
| 100 | _aKhan M Y | ||
| 245 | 0 | _aFinancial Services | |
| 250 | _a3rd | ||
| 260 |
_c2005 _b"Tata McGraw-Hill Publishing Company Limited,New " |
||
| 500 | _aYES | ||
| 650 |
_aFinance _bManagement Studies |
||
| 942 | _cBK | ||
| 999 |
_c173261 _d173261 |
||